000 00549nam a2200181 i 4500
001 189414
003 SpMaBN
005 20230906223452.0
008 190530s1986 sp a |||| |dspa d
020 _a84-7541-846-5
080 _a860-23"19"
100 1 _aDíez Barrio, Germán.
_944677
245 1 4 _aLos robotines /
_cGermán Díez Barrio.
260 _aAranguren (Vizcaya) :
_bEl Paisaje,
_c[1986]
300 _a96 p. :
_bil. ;
_c21 cm.
586 _aPremio Clarín de Teatro 1985
852 _aES-MaACL
_jL-32416
_z. - Donat. Carmen Zumárraga
999 _c189414
_d189414